| 000 | 00370nam a2200133Ia 4500 | ||
|---|---|---|---|
| 008 | 240624s9999 xx 000 0 und d | ||
| 041 | _aeng | ||
| 082 | _a658.8342 KAR | ||
| 100 | _aKARDES FRANK R | ||
| 245 | _aCONSUMER BEHAVIOR SCIENCE AND PRACTICE | ||
| 260 |
_c2008 _aAustralia _bSouth-Western Cengage Learning |
||
| 300 | _axx, : 459 : p. : cm. ; 25 | ||
| 365 |
_c _b25 |
||
| 999 |
_c16716 _d16716 |
||